Airlines at Madrid - Statistics

General Stats
  • This quiz has been taken 132 times
  • The average score is 36 of 66
Answer Stats
Answer % Correct
Iberia
97%
Air France
91%
KLM
91%
British Airways
89%
Ryanair
89%
American Airlines
86%
easyJet
86%
Aer Lingus
83%
Emirates
83%
Lufthansa
83%
Aeroméxico
78%
Delta Air Lines
78%
LATAM
77%
Qatar Airways
75%
Air Canada
74%
Air China
74%
Air Europa
74%
United Airlines
74%
Turkish Airlines
72%
Brussels Airlines
71%
ITA Airways
71%
Avianca
68%
El Al
66%
Aegean Airlines
65%
Finnair
65%
Royal Air Maroc
65%
Saudia
65%
EgyptAir
63%
LOT Polish Airlines
62%
Icelandair
60%
Aerolineas Argentinas
58%
Swiss International Air Lines
55%
TAP Air Portugal
55%
TAROM
55%
Etihad Airways
52%
Royal Jordanian
52%
Air Malta
51%
airBaltic
48%
Air Serbia
48%
Cathay Pacific
48%
Iberia Express
48%
Korean Air
46%
Transavia
43%
Tunisair
43%
Luxair
42%
Air Transat
38%
Kuwait Airways
38%
Norwegian Air Shuttle
38%
Middle East Airlines
35%
Air Arabia
34%
Bulgaria Air
32%
Cubana de Aviación
31%
Pegasus Airlines
29%
Boliviana de Aviación
28%
Czech Airlines
28%
Iran Air
28%
Iberia Regional
26%
Iberojet
26%
Play
26%
Ukraine International Airlines
23%
Plus Ultra Líneas Aéreas
20%
Blue Air
18%
TAAG Angola Airlines
15%
Ceiba Intercontinental Airlines
11%
Flyr
11%
SkyUp
9%
No matching quizzes found
Score Distribution
Percent of People with Each Score
Percentile by Number Answered
Your Score History
You have not taken this quiz